Digital protection : (Record no. 11271)

000 -LEADER
fixed length control field 00629pam a2200193 a 4500
020 ## - INTERNATIONAL STANDARD BOOK NUMBER
ISBN 0470234369
020 ## - INTERNATIONAL STANDARD BOOK NUMBER
ISBN 8122405940 (Wiley Eastern Limited)
040 ## - CATALOGING SOURCE
Transcribing agency DLC
082 00 - DEWEY DECIMAL CLASSIFICATION NUMBER
Classification number 621 WIL 1994
100 1# - MAIN ENTRY--AUTHOR NAME
Personal name Singh, L. P.
245 10 - TITLE STATEMENT
Title Digital protection :
Remainder of title protective relaying from electromechanical to microprocessor /
260 ## - PUBLICATION, DISTRIBUTION, ETC. (IMPRINT)
Place of publication New York :
Name of publisher Wiley,
Year of publication 1994.
300 ## - PHYSICAL DESCRIPTION
Number of Pages xi, 231 p. :
Other physical details ill. ;
Dimensions 25 cm.
650 #0 - SUBJECT ADDED ENTRY--TOPICAL TERM
Topical Term Microprocessors
650 #0 - SUBJECT ADDED ENTRY--TOPICAL TERM
Topical Term Protective relays.
856 42 - ELECTRONIC LOCATION AND ACCESS
Uniform Resource Identifier http://www.loc.gov/catdir/description/wiley034/94021799.html
856 4# - ELECTRONIC LOCATION AND ACCESS
Uniform Resource Identifier http://www.loc.gov/catdir/toc/onix05/94021799.html
942 ## - ADDED ENTRY ELEMENTS (KOHA)
Koha item type សៀវភៅភាសាអង់គ្លេស
952 ## - LOCATION AND ITEM INFORMATION (KOHA)
Withdrawn status [LOCAL, KOHA] 0
Holdings
Permanent Location Date acquired Koha item type Lost status Shelving location Barcode Current Location Full call number
Library Block A2017-08-02សៀវភៅភាសាអង់គ្លេស A040A15694Library Block A621 WIL 1994 A040 Or.
មជ្ឈមណ្ឌលឯការនៃសាកលវិទ្យាល័យភូមិន្ទកសិកម្មចំការដូង

Powered by Koha